| 000 | 00671nam a2200205 i 4500 | ||
|---|---|---|---|
| 001 | bg | ||
| 100 | 1 | _aBODASZEWSKI, Witold | |
| 245 | 0 |
_aNotatki z mechaniki konstrukcji / _cW. Bodaszewski, S. Stachura, J. Wilk. |
|
| 250 | _aWyd.2 popr. | ||
| 260 |
_aKielce, _c1992. |
||
| 490 | 1 |
_aMateriały Pomocnicze i Informacyjne Politechniki Świętokrzyskiej, _x0239-6394 ; _vnr 22 |
|
| 700 | 1 | _aSTACHURA, Sławomir | |
| 700 | 1 | _aWILK, Jarosław | |
| 830 |
_aMateriały Pomocnicze i Informacyjne Politechniki Świętokrzyskiej, _x0239-6394 ; |
||
| 040 | _cBPK | ||
| 041 | _apol | ||
| 080 | _a62:539.3/.6](075.8) | ||
| 942 | _cKS | ||
| 008 | s pl f |000 0 pol | ||
| 999 |
_c5404 _d5404 |
||
| 856 |
_uhttp://koha.tu.koszalin.pl/cgi-bin/koha/opac-detail.pl?biblionumber=5404 _yKatalog online BPK |
||